MARKETING ANALYTICS (Record no. 25855)

MARC details
000 -LEADER
fixed length control field 00311nam a22001457a 4500
003 - CONTROL NUMBER IDENTIFIER
control field SGT
020 ## - INTERNATIONAL STANDARD BOOK NUMBER
International Standard Book Number 978-1-118-37343-9
082 ## - DEWEY DECIMAL CLASSIFICATION NUMBER
Classification number 658.8
Item number WIN
100 ## - MAIN ENTRY--PERSONAL NAME
Personal name WINSTON, WAYNE L.
245 ## - TITLE STATEMENT
Title MARKETING ANALYTICS
260 ## - PUBLICATION, DISTRIBUTION, ETC. (IMPRINT)
Place of publication, distribution, etc INDIA
Name of publisher, distributor, etc WILEY
Year of Publication 2024
300 ## - PAGE DESCRIPTION
No. of Pages 690
650 ## - SUBJECT ADDED ENTRY--TOPICAL TERM
Topical term or geographic name as entry element MARKETING
942 ## - ADDED ENTRY ELEMENTS (KOHA)
Source of classification or shelving scheme Dewey Decimal Classification
Koha item type Books
Holdings
Withdrawn status Lost status Source of classification or shelving scheme Damaged status Not for loan Collection code Home library Current library Shelving location Date acquired Vendor Name Cost, normal purchase price SGTU Bill Number Full call number Accession No. (Barcode) Date last seen Bill Date Koha item type Total Checkouts
    Dewey Decimal Classification   Not For Loan COMMERCE MANAGEMENT SGT Science & Social Sciences Library SGT Science & Social Sciences Library Reference Book 08/04/2024 BIRJWASI 4745.00 SGTU BW/000124 658.8 WIN CM7084 08/04/2024   Books  
    Dewey Decimal Classification     COMMERCE MANAGEMENT SGT Science & Social Sciences Library SGT Science & Social Sciences Library Text Book 08/04/2024 BIRJWASI 4745.00 SGTU BW/000124 658.8 WIN CM7085 08/04/2024   Books  
    Dewey Decimal Classification     COMMERCE MANAGEMENT SGT Science & Social Sciences Library SGT Science & Social Sciences Library Text Book 08/04/2024 BIRJWASI 4745.00 SGTU BW/000124 658.8 WIN CM7086 08/04/2024   Books  
    Dewey Decimal Classification     COMMERCE MANAGEMENT SGT Science & Social Sciences Library SGT Science & Social Sciences Library Text Book 08/04/2024 BIRJWASI 4745.00 SGTU BW/000124 658.8 WIN CM7087 08/04/2024   Books  
    Dewey Decimal Classification     COMMERCE MANAGEMENT SGT Science & Social Sciences Library SGT Science & Social Sciences Library Text Book 08/04/2024 BIRJWASI 4745.00 SGTU BW/000124 658.8 WIN CM7088 08/04/2024   Books